Statistics for Country border-multiple choice

Click here to take the quiz!

General Stats

  • This quiz has been taken 23 times
  • The average score is 10 of 15

Answer Stats

QuestionAnswer% Correct
Russia borders with14 countries
82%
Country totally surrounded by South African Republic isLesotho
82%
Liechtenstein borders withAustria and Switzerland
76%
Gambia borders withSenegal
76%
Brazil borders with every country in South America except Ecuador?No
71%
Bangladesh borders with India and Myanmar?Yes
71%
How many countries are totally surrounded by another country3
65%
Island Saint Martin is shared byFrance and the Netherlands
65%
Every country ending with -stan borders with all other countries ending with -stan?No
65%
Island Hispaniola is shered between2 countries,Haiti and Dominican Republic
59%
Iran borders with7 countries
59%
Indonesia borders with Malaysia andEast Timor and Papua New Guinea
59%
Pyrenees are on the border ofFrance,Spain and Andorra
59%
Denmark borders withGermany
59%
Lake Victoria is on the borderUganda,Tanzania and Kenya
41%

Score Distribution

Percentile by Number Answered

Percent of People with Each Score

Your Score History

You have not taken this quiz